| 000 | 00718nam a2200241 a 4500 | ||
|---|---|---|---|
| 008 | |||
| 020 | _a0421407204 (cased) | ||
| 049 | _aMAIN | ||
| 090 | _aHG8060 | ||
| 100 | 1 | _aCloughton, David. | |
| 245 | 1 | 0 |
_aRiley on business interruption insurance / _cby David Cloughton. |
| 250 | _a7th ed. | ||
| 260 |
_aLondon : _bSweet and Maxwell, _c1991. |
||
| 300 |
_axi, 587 p. ; _c26 cm. |
||
| 500 | _aPrevious ed.: 1985. | ||
| 500 | _aIncludes index. | ||
| 650 | 0 |
_aInsurance, Business interruption _xLaw and legislation _zGreat Britain. |
|
| 907 |
_a.b10006722 _b20-07-04 _c17-04-03 |
||
| 003 | |||
| 005 | 20230123133444.0 | ||
| 040 | _cNUST | ||
| 942 |
_cBOOKS _kHG8060 |
||
| 999 |
_c148880 _d148880 |
||